00353cam a22001217a 4500008004000000082001700040100002600057245007500083260002600158300001000184650001400194650002300208180718b2003 xxu||||| |||| 00| 0 eng d aK782x54 Sa42 aSamanta, Sadhan Kumar aCorruption in India: a case for the ombudsmancby Sadhan Kumar Samanta aBurdwanbAvijanc2003 a148p. aOmbudsman aCorruption - India